| 000 | 00915nma a22002177a 4500 | ||
|---|---|---|---|
| 008 | 110601s1994 nyu|||||s|||| 000 0 eng d | ||
| 020 | _a0743526600 | ||
| 020 | _a9780743526609 | ||
| 082 |
_222 _a658.452 _bFLE |
||
| 100 |
_924563 _aFleet, James K Van |
||
| 245 |
_aConversation Power : _b[communication skills for business and personal success] |
||
| 260 |
_a New York : _bSimon & Schuster Audio, 1994. _c1994 |
||
| 300 |
_a2 sound discs (120 min.) : _bdigital, stereo. ; _c4 3/4 in. |
||
| 306 | _a 2 Hours. | ||
| 653 |
_bENG _bBus _cJune2011 |
||
| 650 |
_924564 _aConversation |
||
| 650 |
_913474 _aInterpersonal communication. |
||
| 650 |
_912216 _aInterpersonal relations. |
||
| 942 |
_2ddc _cCDR |
||
| 999 |
_c15506 _d15506 |
||